000 00381 a2200169 4500
001 72939
020 _a8526255916
040 _cAnchieta - Colégio São Paulo
100 _aCabrini, Conceição
240 1 0 _aHistória temática
_lpor
245 1 0 _aHistória temática
300 _a216
362 0 _a2004
440 1 _aScipione
650 4 _aHistória do mundo
942 _cBK
999 _c72939
_d72939